000 00552nam a2200217Ia 4500
003 OSt
005 20221007082608.0
006 a|||||r|||| 00| 0
007 ta
008 221006b |||||||| |||| 00| 0 eng d
024 _a21,062
037 _cTextual
040 _aFLL
_cFLL
_beng
041 _2eng
_aeng
082 _aD854:Z, P2.1
100 _aUpadhyay S.
_9693451
245 0 _aForest law's wildlife laws and the environment
260 _c2002
942 _hD854:Z, P2.1
_cTEXL
_2CC
999 _c1166997
_d1166997